00528nam a2200193 a 4500001001300000003000900013005001700022008004100039020000800080082001500088100003000103245003100133260004300164300000900207500003500216505003000251650002300281700003000304nice12345678IN_TiNIC20260116011903.0050524s1950 cula grp 000 0 eng  ac000a181.4bCHA aChatterjee, Satishchandra aNyaya Theory of Knowledge. aCulcattabUniversity of Calcuttac1950 a384p aincludes index and biblioraphy2 aWorld Christian Book No.3 aEpistemology-Hindu1 aChatterjee, Satishchandra